00681nam a2200181 i 450000100060000000300090000600500170001500700030003200800410003510000450007624500860012126000610020730000320026870000280030085200320032899900170036095201220037744784ES-MaACL20250808063500.0t|030324s1963 sp ||||1| spa d1 aCioranescu, Alejandro,d1911-199993886510aMercader de azucar, hispanista y hereje / cAlejandro Cioranescu, Thomas Nichols. aLa Laguna de Tenerife : b[s.n., c1963] (fGráf Goya) a130 p., 4 lám. ; c21 cm.1 aNichols, Thomas.985539 aES-MaACLjC-24861 bR.52328 c44784d44784 00104070aATENEOMbATENEOMcDEPO2d2008-01-17eSCl0oC-24861p1047132r2023-02-23 00:00:00w2023-02-23yMONOGRAFIA